00429nam a2200181 u 45000010006000000050017000060080041000230350010000640350021000740400013000950410008001080820008001161000036001242450024001602500010001842600035001943000018002293151120260504074817.0960313s1957 spa  a31511 a(OCoLC)778075312 ccomduadb aspa 4a83310aVon Le Fort, Gertrude4auteaut10aBodas de magdeburgo a01.ED aBarcelona :bEscelicer,c1957. a240 páginas